Norwich City Players With 300+ Appearances - Statistics

General Stats
  • This quiz has been taken 7 times
  • The average score is 6 of 23
Answer Stats
Apps Answer % Correct
477 Bryan Gunn
100%
306 Iwan Roberts
60%
673 Kevin Keelan
60%
352 Wes Hoolahan
60%
349 Barry Butler
40%
331 George Martin
40%
309 Russell Martin
40%
361 Adam Drury
20%
382 Craig Fleming
20%
352 Daryl Sutch
20%
499 Dave Stringer
20%
357 Duncan Forbes
20%
418 Ian Crook
20%
338 Johnny Gavin
20%
662 Ron Ashman
20%
389 Terry Allcock
20%
380 Bernard Robinson
0%
340 Graham Paddon
0%
369 Ian Culverhouse
0%
427 Joe Hannah
0%
416 Ken Nethercott
0%
399 Mark Bowen
0%
426 Roy McCrohan
0%
No matching quizzes found
Score Distribution
Percent of People with Each Score
Percentile by Number Answered
Your Score History
You have not taken this quiz